01624nam a2200385 a 4500001001200000003000800012006001900020007001500039008004100054010001700095020001500112020001800127020002700145040002100172035002100193050002500214100003400239245014300273250001200416260012000428300002300548504005100571505012200622533015200744650002600896650003500922650002100957650002400978655002901002700001701031700002801048710001701076856012601093999001901219ebr10493488CaPaEBRm u cr cn|||||||||110701s2011 enkad sb 001 0 eng d z 2011377615 z1848165013 z9781848165014 z9781848165021 (e-book) aCaPaEBRcCaPaEBR a(OCoLC)74810467814aTA418.7b.B38 2011eb1 aBatchelor, A. W.q(Andrew W.)10aMaterials degradation and its control by surface engineeringh[electronic resource] /cA.W. Batchelor, Loh Nee Lam, Margam Chandrasekaran. a3rd ed. aLondon :bImperial College Press ;aHackensack, N.J. :bDistributed by World Scientific Pub. Co. Pte. Ltd.,cc2011. axv, 403 p. :bill. aIncludes bibliographical references and index.0 apt. 1. Mechanisms of materials degradation -- pt. 2. Surface engineering -- pt. 3. Application of control techniques. aElectronic reproduction.bPalo Alto, Calif. :cebrary,d2011.nAvailable via World Wide Web.nAccess may be limited to ebrary affiliated libraries. 0aSurfaces (Technology) 0aCorrosion and anti-corrosives. 0aMechanical wear. 0aFracture mechanics. 7aElectronic books.2local1 aLoh Nee Lam.1 aChandrasekaran, Margam.2 aebrary, Inc.40uhttp://site.ebrary.com/lib/rucke/Doc?id=10493488zAn electronic book accessible through the World Wide Web; click to view c126803d126803